| Tag |
First Indicator |
Second Indicator |
Subfields |
| LEADER |
00000cam a2200000 i 4500 |
| 001 |
in00000037105 |
| 005 |
20151007072214.0 |
| 008 |
751121s1975 gw 00110ager |
| 010 |
|
|
|a 75516856
|
| 015 |
|
|
|a GFR75-A
|
| 020 |
|
|
|a 3446120572 :
|c DM39.80
|
| 035 |
|
|
|a (OCoLC)03052302
|
| 035 |
|
|
|9 AAE7434AM
|
| 040 |
|
|
|a DLC
|c DLC
|d TXA
|d UtOrBLW
|
| 043 |
|
|
|a n-us---
|
| 049 |
|
|
|a TXAM
|c [1383471]
|
| 050 |
0 |
0 |
|a E169.02
|b .V67
|
| 100 |
1 |
|
|a Vordtriede, Werner.
|
| 245 |
1 |
4 |
|a Das verlassene Haus :
|b Tagebuch aus dem amerikanischen Exil 1938-1947 /
|c Werner Vordtriede.
|
| 264 |
|
1 |
|a Munchen ;
|a Wien :
|b Hanser,
|c [1975]
|
| 300 |
|
|
|a 410 pages ;
|c 21 cm.
|
| 336 |
|
|
|a text
|b txt
|2 rdacontent
|
| 337 |
|
|
|a unmediated
|b n
|2 rdamedia
|
| 338 |
|
|
|a volume
|b nc
|2 rdacarrier
|
| 500 |
|
|
|a Includes index.
|
| 600 |
1 |
0 |
|a Vordtriede, Werner.
|
| 651 |
|
0 |
|a United States
|v Aerial views.
|
| 651 |
|
0 |
|a United States
|v Pictorial works.
|
| 999 |
|
|
|a MARS
|
| 999 |
f |
f |
|s d1568af1-a8b8-3b1e-b001-e5e76d9a5e82
|i 57e49afb-2421-3546-8e58-f991f6ac5194
|t 0
|
| 952 |
f |
f |
|p ric
|a Texas A&M University
|b Rellis Campus
|c Joint Library Facility
|d Remote Storage
|t 0
|e E169.02 .V67
|h Library of Congress classification
|i unmediated -- volume
|m A14802154894
|
| 998 |
f |
f |
|a E169.02 .V67
|t 0
|l Remote Storage
|